000 00511nmm a2200181Ia 4500
008 251105s9999||||xx |||||||||||||||||und||
041 _aspa
100 _aMoore, Christopher
245 0 _aAleta
264 _a[Madrid, España] :
_bLa Factoría de Ideas,
_c2012
300 _a0 páginas
490 _aBestseller
650 _aScience fiction & Fantasy
700 _aMoore, Christopher
700 1 _a Llanos Collado, Juan José
856 _uhttps://public.digitaliapublishing.com/a/25037
942 _cCF
999 _c69000
_d69000